| 000 | 00802cam a22002651 4500 | ||
|---|---|---|---|
| 001 | 1220349 | ||
| 003 | AUA.1 | ||
| 005 | 20251027121635.0 | ||
| 008 | 251027r19501870cauac b 000 0 eng | ||
| 010 | _a 51021254 | ||
| 020 | _a9781909615441 | ||
| 040 |
_aDLC _cDLC _dDLC _dJTL |
||
| 050 | 0 | 0 |
_aBX6146 _b.G71 2025 |
| 082 | 0 | 0 | _a286.7 |
| 100 | 1 |
_aWhite, Ellen G. _d1827-1915. |
|
| 245 | 1 | 4 |
_aThe Great Controversy _cEllen G. White |
| 260 |
_bLineage Journey _c2025 |
||
| 300 |
_a766 p. _bcol ill. _c25 cm. |
||
| 500 | _aA product of Lineage Journey including images/illustrations | ||
| 630 | 0 | 0 |
_aBible _xProphecies. |
| 650 | 0 |
_aSeventh-Day Adventists _xDoctrines. |
|
| 650 | 0 |
_aAdventists _xDoctrines. |
|
| 650 | 0 | _aChurch history. | |
| 942 |
_2lcc _cBOOK _hBX 6146 _i.G71 2025 |
||
| 999 |
_c25244 _d25244 |
||